Welcome to CU Library Online Public Access Catalogue (OPAC)

Exploring Earth Science/ (Record no. 1950)

MARC details
000 -LEADER
fixed length control field 00696nam a22002177a 4500
005 - DATE AND TIME OF LATEST TRANSACTION
control field 20241203141501.0
008 - FIXED-LENGTH DATA ELEMENTS--GENERAL INFORMATION
fixed length control field 241203b |||||||| |||| 00| 0 eng d
020 ## - INTERNATIONAL STANDARD BOOK NUMBER
International Standard Book Number 9780138075958
050 ## - LIBRARY OF CONGRESS CALL NUMBER
Classification number QE40 EAR
100 ## - MAIN ENTRY--PERSONAL NAME
Personal name Maton, Anthea
245 ## - TITLE STATEMENT
Title Exploring Earth Science/
Statement of responsibility, etc. Anthea Maton, Jean Hopkins, Susan Johnson, David LaHart, Maryanna Quon Warner & Jill D. Wright
260 ## - PUBLICATION, DISTRIBUTION, ETC.
Place of publication, distribution, etc. Englewood Cliffs, New Jersey
Name of publisher, distributor, etc. Prentice Hall
Date of publication, distribution, etc. 1995
300 ## - PHYSICAL DESCRIPTION
Extent xvi.832p.
Other physical details ill. maps. some color
Dimensions 26cm
650 ## - SUBJECT ADDED ENTRY--TOPICAL TERM
Source of heading or term Earth Science
700 ## - ADDED ENTRY--PERSONAL NAME
Personal name Hopkins, Jean
700 ## - ADDED ENTRY--PERSONAL NAME
Personal name Johnson, Susan
700 ## - ADDED ENTRY--PERSONAL NAME
Personal name LaHart, David
700 ## - ADDED ENTRY--PERSONAL NAME
Personal name Warner, Maryanna Quon
700 ## - ADDED ENTRY--PERSONAL NAME
Personal name Wright, Jill D.
942 ## - ADDED ENTRY ELEMENTS (KOHA)
Source of classification or shelving scheme Library of Congress Classification
Koha item type Books
Suppress in OPAC No
999 ## -
-- 1950
-- 1950
Holdings
Withdrawn status Lost status Source of classification or shelving scheme Damaged status Not for loan Collection Home library Current library Shelving location Date acquired Total checkouts Full call number Barcode Date last seen Copy number Price effective from Koha item type
    Library of Congress Classification     Non-fiction Science Library (Miotso) Science Library (Miotso) General stacks 12/03/2024   QE40 EAR SLM00001148 12/03/2024 1 12/03/2024 Books
    Library of Congress Classification     Non-fiction Science Library (Miotso) Science Library (Miotso) General stacks 12/03/2024   QE40 EAR SLM00001149 12/03/2024 2 12/03/2024 Books
    Library of Congress Classification     Non-fiction Science Library (Miotso) Science Library (Miotso) General stacks 12/03/2024   QE40 EAR SLM00001150 12/03/2024 3 12/03/2024 Books
    Library of Congress Classification     Non-fiction Science Library (Miotso) Science Library (Miotso) General stacks 12/03/2024   QE40 EAR SLM00001151 12/03/2024 4 12/03/2024 Books
    Library of Congress Classification     Non-fiction Science Library (Miotso) Science Library (Miotso) General stacks 12/03/2024   QE40 EAR SLM00001152 12/03/2024 5 12/03/2024 Books
    Library of Congress Classification     Non-fiction Science Library (Miotso) Science Library (Miotso) General stacks 12/03/2024   QE40 EAR SLM00001153 12/03/2024 6 12/03/2024 Books
© 2023-2024 Copyright: Central University Libraries. All Rights Reserved | Created by: Mahone Tech Office